Olympique Lyonnais - Les joueurs à plus de 100 matchs - Statistiques

Statistiques générales
  • Ce quiz a été pris 3 135 fois
    1 531 depuis la dernière actualisation
  • Le résultat moyen est 22 sur 47
Statistiques - réponses
P Joueurs Matchs % Correct
A Alexandre Lacazette 314
98%
G Anthony Lopes 456
98%
M Corentin Tolisso 193
90%
A Nabil Fekir 193
80%
D Cris 310
73%
M Maxime Gonalons 335
72%
A Memphis Depay 179
71%
A Lisandro Lopez 168
69%
M Maxence Caqueret 133
68%
G Hugo Lloris 202
67%
D Samuel Umtiti 171
63%
A Rayan Cherki 102
62%
M Houssem Aouar 234
60%
A Bafetimbi Gomis 244
59%
D Anthony Réveillère 413
58%
A Maxwel Cornet 252
54%
M Jordan Ferri 213
51%
A Moussa Dembele 172
51%
G Rémy Vercoutre 114
50%
M Clément Grenier 154
49%
D Marcelo 167
48%
M Yoann Gourcuff 128
48%
D Dejan Lovren 122
47%
A Bertrand Traoré 126
46%
D Jason Denayer 139
41%
A Michel Bastos 142
41%
D Léo Dubois 129
40%
M Lucas Tousart 170
39%
D Rafael Da Silva 138
37%
M Tanguy Ndombele 111
36%
A Rachid Ghezzal 119
35%
A Karl Toko Ekambi 114
34%
M Kim Kallstrom 283
34%
A Jimmy Briand 160
32%
M Jérémy Toulalan 210
31%
M Miralem Pjanic 121
31%
D Jérémy Morel 142
30%
M Steed Malbranque 240
30%
D Henri Bedimo 103
29%
D Milan Bisevac 101
29%
D Bakary Kone 142
25%
M Thiago Mendes 142
24%
M Gueida Fofana 104
23%
D Aly Cissokho 136
21%
M Jean II Makoun 105
18%
A César Delgado 101
15%
M Honorato Campos Ederson 115
12%
Aucun quiz correspondant
Distribution des résultats
% des personnes avec chaque résultat
Percentile par nombre de réponses
Votre historique - résultats
Vous n’avez pas pris ce quiz depuis la dernière actualisation